Brownfield sites: ground-related risks for buildings (Record no. 102467)
[ view plain ]
| 000 -LEADER | |
|---|---|
| fixed length control field | 01166cam a2200325 4500 |
| 008 - FIXED-LENGTH DATA ELEMENTS--GENERAL INFORMATION | |
| fixed length control field | 021011n2002 000 0 eng u |
| 020 ## - INTERNATIONAL STANDARD BOOK NUMBER | |
| International Standard Book Number | 1860815715 |
| 035 ## - SYSTEM CONTROL NUMBER | |
| System control number | (Sirsi) u120077 |
| 041 ## - LANGUAGE CODE | |
| Language code of text/sound track or separate title | eng. |
| 050 ## - LIBRARY OF CONGRESS CALL NUMBER | |
| Classification number | 333.73 |
| 100 ## - MAIN ENTRY--PERSONAL NAME | |
| Personal name | Charles, J. |
| 110 ## - MAIN ENTRY--CORPORATE NAME | |
| Corporate name or jurisdiction name as entry element | Building Research Establishment |
| 245 ## - TITLE STATEMENT | |
| Title | Brownfield sites: ground-related risks for buildings |
| 260 ## - PUBLICATION, DISTRIBUTION, ETC. | |
| Place of publication, distribution, etc. | London |
| Name of publisher, distributor, etc. | CRC Ltd |
| Date of publication, distribution, etc. | 2002 |
| 300 ## - PHYSICAL DESCRIPTION | |
| Extent | vi, 45p. |
| Dimensions | 31cm. |
| 350 ## - PRICE (NR) (BK AM CF MU VM SE) [OBSOLETE] | |
| Price | 35 |
| 490 ## - SERIES STATEMENT | |
| Series statement | BRE Report |
| Volume/sequential designation | BR447 |
| 520 ## - SUMMARY, ETC. | |
| Summary, etc. | Deals with those aspects of risk management for building developments on brownfield sites that involve ground-related hazards for the built environment. Emphasises that over-sensitivity to risk will defeat the objective of locating building developments on brownfield sites. |
| 650 ## - SUBJECT ADDED ENTRY--TOPICAL TERM | |
| Topical term or geographic name entry element | BROWNFIELD LAND |
| 650 ## - SUBJECT ADDED ENTRY--TOPICAL TERM | |
| Topical term or geographic name entry element | GROUND PROBLEMS |
| 650 ## - SUBJECT ADDED ENTRY--TOPICAL TERM | |
| Topical term or geographic name entry element | DEVELOPMENT |
| 650 ## - SUBJECT ADDED ENTRY--TOPICAL TERM | |
| Topical term or geographic name entry element | RISK MANAGEMENT |
| 690 ## - LOCAL SUBJECT ADDED ENTRY--TOPICAL TERM (OCLC, RLIN) | |
| Topical term or geographic name as entry element | BUILT ENVIRONMENT-SUSTAINABLE CONSTRUCTION |
| 700 ## - ADDED ENTRY--PERSONAL NAME | |
| Personal name | Chown, R. |
| 700 ## - ADDED ENTRY--PERSONAL NAME | |
| Personal name | Watts, K. |
| 700 ## - ADDED ENTRY--PERSONAL NAME | |
| Personal name | Fordyce, G. |
| 710 ## - ADDED ENTRY--CORPORATE NAME | |
| Corporate name or jurisdiction name as entry element | National House Building Council |
| 710 ## - ADDED ENTRY--CORPORATE NAME | |
| Corporate name or jurisdiction name as entry element | United Kingdom |
| Subordinate unit | Department of Trade and Industry |
| 942 ## - ADDED ENTRY ELEMENTS (KOHA) | |
| Suppress in OPAC | 0 |
| Withdrawn status | Lost status | Source of classification or shelving scheme | Damaged status | Not for loan | Home library | Current library | Shelving location | Date acquired | Cost, normal purchase price | Total Checkouts | Full call number | Barcode | Date last seen | Date last checked out | Copy number | Cost, replacement price | Price effective from | Koha item type |
|---|---|---|---|---|---|---|---|---|---|---|---|---|---|---|---|---|---|---|
| Dewey Decimal Classification | London | London | Books | 12/11/2002 | 29.75 | 6 | CIRIA REPORTS | 30066589 | 06/08/2019 | 09/01/2007 | 1 | 29.75 | 06/08/2019 | Book |